Embedded systems building blocks: complete and ready-to-use modules in C (Record no. 9483)

000 -LEADER
fixed length control field 00546 a2200169 4500
020 ## - INTERNATIONAL STANDARD BOOK NUMBER
International Standard Book Number 0-87930-604-1
040 ## - CATALOGING SOURCE
Original cataloging agency DLC
Language of cataloging DLC
082 ## - DEWEY DECIMAL CLASSIFICATION NUMBER
Classification number 004.16
100 1# - MAIN ENTRY--PERSONAL NAME
Personal name Labrosse, Jean J.
245 00 - TITLE STATEMENT
Title Embedded systems building blocks: complete and ready-to-use modules in C
Remainder of title complete and ready-to-use modules in C
Statement of responsibility, etc. Jean J. Labrosse
250 ## - EDITION STATEMENT
Edition statement 2. ed.
260 ## - PUBLICATION, DISTRIBUTION, ETC.
Place of publication, distribution, etc. Lawrence, Kan. :
Name of publisher, distributor, etc. R&D,
Date of publication, distribution, etc. cop. 2000
300 ## - PHYSICAL DESCRIPTION
Extent xxii, 611 s. :
Other physical details ill.
650 #7 - SUBJECT ADDED ENTRY--TOPICAL TERM
Topical term or geographic name entry element Embedded computer systems
650 #7 - SUBJECT ADDED ENTRY--TOPICAL TERM
Topical term or geographic name entry element C (Computer program language)
942 ## - ADDED ENTRY ELEMENTS (KOHA)
Koha item type Book
Call number prefix 004.16 LAB
Source of classification or shelving scheme
Holdings
Withdrawn status Lost status Damaged status Not for loan Collection code Permanent Location Current Location Shelving location Source of acquisition Cost, normal purchase price Total Checkouts Full call number Barcode Date last seen Price effective from Koha item type
          Central Library (CL) Central Library (CL) First Floor - Computer Science Allied Book Company 1899.76   004.16 LAB SEECS005637 11/14/2012 01/05/2017 Book
© 2023 Central Library, National University of Sciences and Technology. All Rights Reserved.